000 00842nas a2200265 454500
001 39856
005 20260407193510.0
008 260407s1995####ag###########|||spa#d
003 AR-UNSa-BCEJYS
040 _aAR-UNSa-BCEJYS
_bspa
_cAR-UNSa-BCEJYS
080 _a35
_xAdministración Pública
245 1 0 _aDocumento técnico
264 1 _aBuenos Aires :
_bAGN (Auditoría General de la Nación)
_c1995
310 _aFrecuencia: Irregular
041 _aspa
942 _cSER
590 _aniveau_biblio:s niveau_hierar:1
100 1 _aArgentina. Auditoría General de la Nación (AGN)
650 _aADMINISTRACION PUBLICA
650 _aSector público
650 _aDeuda pública
650 _aPrivatización
650 _aAuditoría
856 4 1 _uhttps://biblioeco.unsa.edu.ar/pmb/images/revistas/AGN.jpg
_yImagen de portada
_qimage/jpeg
999 _c8865
_d8865